Gesners europäische Bibliographie und ihre Beziehung zum Späthumanismus in Böhmen und Mähren /

Hlavní autor: Hejnic, Josef, 1924-2019
Další autoři: Bok, Václav, 1939-
Jazyk: Němčina
Vydáno: Wien : Böhlau, 1989
Fyzický popis: 130 s.
Knihy
Uloženo v:
LEADER 00806nam a2200229 a 4500
001 000349131
003 CZ BrMZK
005 19980105143423.0
007 ta
008 980105s1989 au f ger d
040 |a BOA001  |b cze 
080 |a 011(494)"15":92 Gesner, Konrad  |2 MRF 
080 |a 015(437.1/.2)"15":011(494)"15"  |2 MRF 
100 1 |a Hejnic, Josef,  |d 1924-2019  |7 jk01040581  |4 aut 
245 1 0 |a Gesners europäische Bibliographie und ihre Beziehung zum Späthumanismus in Böhmen und Mähren /  |c Josef Hejnic, Václav Bok. 
260 |a Wien :  |b Böhlau,  |c 1989 
300 |a 130 s. 
500 |a Souhrn rus. 
700 1 |a Bok, Václav,  |d 1939-  |7 jk01012575  |4 aut 
910 |a BOA001  |b 2-0943.180 
990 |a BK 
996 7 |b 2619724561  |c 2-0943.180  |l MZK  |r Sklad / do 1 hodiny  |n 2  |w 000349131  |u 000010  |a 1  |e BOA001  |j MZK50  |s A